000 01116nam a22003257a 4500
003 CHAP
005 20220329135048.0
008 971013s1976 r 00010 d
010 _a30333
011 _a31305
035 _a35417
040 _cCHAP
090 _aTesis
100 0 0 _aMandujano Martínez, Adán.
_970358
245 _aInforme de servicio social realizado en el municipio de Santiago Etla, Oaxaca
260 _aMéxico, D.F. :
_bEl autor,
_c1976
300 _a27 h
502 _aTesis (Médico Veterinario Zootecnista) -- UNAM. Fac. de Medicina Veterinaria y Zootecnia. Médico Veterinario Zootecnista
590 _aALEPH
_b10
_c20130110
_lUCH01
_h1252
590 _aBATCH-UPD
_b10
_c20130109
_lUCH01
_h2355
590 _aBATCH-UPD
_b10
_c20130110
_lUCH01
_h2120
590 _aBATCH-UPD
_b10
_c20130409
_lUCH01
_h1928
590 _aBATCH-UPD
_b10
_c20130410
_lUCH01
_h1430
590 _aBATCH-UPD
_b10
_c20130914
_lUCH01
_h1457
590 _aCONVERSION
_b10
_c20130109
_lUCH01
_h1317
650 1 4 _aGanadería
_xOaxaca.
_944834
901 _aBK
942 _cTESIS
949 _bBC
_cTES
_d-81876
_eTS1
_i35417
_si
999 _c30333
_d30333